Marvel 'B' Scramble Quiz Stats

 Plays Quiz Updated Jun 7, 2018

Challenge
Share
Tweet
Embed
Score 0/10 Timer 03:00
10 Plays Today
Scrambled 'B' Name Marvel Character % Correct
OLBBBLOB
99.2%
SEATBBEAST
88.1%
DEABLBLADE
82%
POSBIHBISHOP
81.5%
SBULLYEEBULLSEYE
78.1%
CALKB HARPTENBLACK PANTHER
74.3%
CUBER NEARBNBRUCE BANNER
66.9%
MAYAXBBAYMAX
66.5%
REBKERZREBERZERKER
56.5%
MARENGOOBBOOMERANG
44.4%

You're not logged in!

Compare scores with friends on all Sporcle quizzes.
Join for Free
OR
Log In

You Might Also Like...

Show Comments

Extras

Top Quizzes Today


Score Distribution

Your Account Isn't Verified!

In order to create a playlist on Sporcle, you need to verify the email address you used during registration. Go to your Sporcle Settings to finish the process.

Report this User

Report this user for behavior that violates our Community Guidelines.

Details: